MARC

LEADER 00000nam0a2200000 4500
001 305057
005 20231102001749.0
035 |a (RuTPU)RU\TPU\book\330323 
090 |a 305057 
100 |a 20150923d1983 m y0rusy50 ca 
101 0 |a rus 
102 |a RU 
105 |a y z 000zy 
200 1 |a Книга о любви  |f В. А. Сухомлинский 
210 |a Москва  |c Молодая гвардия  |d 1983 
215 |a 191 с. 
606 1 |a Любовь  |x Этика  |2 stltpush  |3 (RuTPU)RU\TPU\subj\40670  |9 60513 
610 1 |a педагогические основы 
610 1 |a жизненная позиция 
610 1 |a активация 
610 1 |a формирование 
610 1 |a юношеский возраст 
610 1 |a человеческие отношения 
686 |a Ю731.3  |v LBC/SL-A  |2 rubbk 
700 1 |a Сухомлинский  |b В. А.  |c российский педагог  |c учитель русского и украинского языка и литературы  |f 1918-1970  |g Василий Александрович  |2 stltpush  |3 (RuTPU)RU\TPU\pers\15869  |9 5534 
801 1 |a RU  |b 63413507  |c 20150923 
801 2 |a RU  |b 63413507  |c 20190529  |g RCR 
942 |c BK